Desing ideas for weldments A serie of reference case histories presenting desing ideas for the efficient use of steel

Gespeichert in:
Bibliographische Detailangaben
Format: Buch
Sprache:English
Veröffentlicht: Cleveland,Ohio: The James F. Lincoln Arc Welding Foundation 1963
Schlagworte:
Tags: Tag hinzufügen
Keine Tags, Fügen Sie den ersten Tag hinzu!

MARC

LEADER 00000nam a2200000Ia 4500
003 003367
005 20221231143958.0
008 140114s1963 ohua 000 ||eng d
040 |c cru CEDI 
082 |a 671.52 D457d 
245 |a Desing ideas for weldments   |b A serie of reference case histories presenting desing ideas for the efficient use of steel 
260 |a Cleveland,Ohio: The James F. Lincoln Arc Welding Foundation   |c 1963 
300 |a 153 páginas: ilustraciones  
650 |x SOLDADURA  |9 21819 
942 |2 ddc  |c BK 
999 |c 15112  |d 15112